[Event "IMSA Blitz Men 2019"]
[Site "Hengshui"]
[Date "2019.05.17"]
[Round "6.1"]
[White "Yu, Yangyi"]
[Black "Rapport, Richard"]
[Result "1-0"]
[WhiteElo "2739"]
[BlackElo "2736"]
[Annotator "TA"]
[PlyCount "179"]
[EventDate "2019.05.17"]
[EventType "blitz"]
[EventCountry "CHN"]
[SourceTitle "playchess.com"]
[Source "ChessBase"]
[SourceQuality "1"]

{[%evp 10,179,42,33,47,35,36,34,54,15,43,41,29,33,29,45,45,37,25,20,47,45,45,35,37,29,37,37,33,22,45,26,20,24,24,24,24,29,32,33,29,22,18,4,10,6,13,14,69,8,58,4,44,4,41,18,9,8,8,8,8,8,8,8,8,8,8,0,0,0,12,0,0,0,2,0,2,0,10,8,8,8,8,8,8,8,12,14,15,8,8,8,8,8,8,8,8,8,8,8,8,8,8,8,8,8,8,8,8,8,8,8,8,8,8,8,8,8,8,8,8,8,8,0,8,7,8,7,8,8,8,8,8,8,8,8,8,8,8,8,8,8,8,8,8,8,8,8,8,8,8,8,8,8,8,8,8,8,8,8,8,8,8,8,8,8,8,8,8,8,29998,29999]} 1. e4 d6 2. d4 Nf6 3. Nc3 e5 4. dxe5 dxe5 5. Qxd8+ Kxd8 6. Bc4 Ke8 {B07: Pirc Defence: Miscellaneous Systems} 7. f3 (7. Nf3 Bd6 8. Be3 a6 9. a3 h6 10. h3 Nbd7 11. O-O-O b6 12. Nd2 Bb7 13. Rhe1 Ke7 14. Ba2 c6 15. g4 b5 {1-0 (40) Demchenko,A (2679)-Kadric,D (2554) Skopje 2018}) 7... c6 8. Nge2 Bc5 {White is slightly better.} 9. Bd2 Nbd7 10. a4 $146 ({Predecessor:} 10. Ng3 g6 11. Ke2 Ke7 12. a3 b5 13. Bd3 Bd6 14. Nd1 {0-1 (37) Wiesner,A (1474)-Rogozenco,T (1706) Oberhof 2012}) 10... a5 11. Nc1 Ke7 12. Nd3 Bd6 13. Be3 Nf8 14. Nb1 {[%cal Bc3b1,Bb1d2,Bd2c4][%mdl 32]} Be6 15. Nd2 N6d7 16. Ke2 Bc7 17. Rhd1 Bxc4 18. Nxc4 Ne6 19. c3 Rhb8 20. b4 axb4 21. cxb4 b5 22. axb5 Rxa1 23. Rxa1 cxb5 24. Na5 {[#] And now Nc6+ would win.} Nd8 25. Rc1 Bd6 26. g3 f6 27. f4 exf4 28. gxf4 Ke8 (28... Ra8 $11) 29. h4 ({Better is} 29. Nb3 $14) 29... g6 30. h5 (30. Nb3 $14) 30... Be7 31. Kf3 f5 32. hxg6 hxg6 33. Nc6 Rc8 34. Nd4 fxe4+ 35. Kxe4 Nf6+ 36. Kf3 Rxc1 37. Bxc1 Nd5 38. Bd2 Nc7 39. Ne5 Nd5 40. Nd3 Nc7 41. Ke4 Nf7 42. Kf3 Nd8 43. Ne5 Nd5 44. Nc2 Bd6 45. Nxg6 Nc6 46. Ke4 Ncxb4 47. Nd4 Ne7 48. Nxb5 Bc5 49. Nc7+ (49. f5 {seems wilder.} Nbd5 50. Ne5 Nf6+ 51. Kf4 Ned5+ 52. Kf3) 49... Kd7 50. Nxe7 Bxe7 $11 {[%mdl 4096] Endgame KBN-KBN} 51. Nb5 Na6 52. Kf5 Nc5 53. Be3 Nd3 54. Ke4 Nxf4 55. Bxf4 Kc6 56. Nd4+ Kd7 57. Kd5 Bf6 58. Nb3 Ke7 59. Nc5 Kf7 60. Ne4 Ke7 61. Bd6+ Kf7 62. Kc6 Ke6 63. Nc5+ Kf5 64. Kd5 Bb2 65. Nd3 Bf6 66. Nc5 Bb2 67. Ne4 Bf6 68. Ng3+ Kg6 69. Ke6 Bb2 70. Be7 Bc3 71. Ne2 Bd2 72. Nd4 Bc3 73. Nf5 Kh5 74. Ne3 Bd4 75. Nc2 $1 {[%cal Rc2d4]} Bf2 76. Kf5 Kh6 77. Bf6 Kh7 78. Nb4 Bc5 79. Nd3 Bd6 80. Ke6 Kg6 81. Bd4 Bg3 82. Be3 Bc7 83. Nb4 Bg3 84. Nd5 Bh2 85. Ne7+ Kg7 86. Bd4+ Kf8 87. Nf5 Kg8 88. Bg7 Bg1 89. Kf6 {Intending Kg6 and mate.} Bc5 $2 {[%mdl 8192] [#]} (89... Kh7 $11) 90. Kg6 {Accuracy: White = 66%, Black = 66%.} 1-0

[Event "IMSA Blitz Men 2019"]
[Site "Hengshui"]
[Date "2019.05.17"]
[Round "6.1"]
[White "Andreikin, Dmitry"]
[Black "Bu, Xiangzhi"]
[Result "1/2-1/2"]
[WhiteElo "2722"]
[BlackElo "2729"]
[Annotator "RC"]
[PlyCount "83"]
[EventDate "2019.05.17"]
[EventType "blitz"]
[EventCountry "CHN"]
[SourceTitle "playchess.com"]
[Source "ChessBase"]
[SourceQuality "1"]
[TimeControl "180+2"]

1. e4 {[%emt 0:00:00]} e5 {[%emt 0:00:00]} 2. Nf3 {[%emt 0:00:00]} Nf6 {[%emt 0:00:00]} 3. Nxe5 {[%emt 0:00:01]} d6 {[%emt 0:00:00]} 4. Nf3 {[%emt 0:00:02]} Nxe4 {[%emt 0:00:01]} 5. Nc3 {[%emt 0:00:00]} Nxc3 {[%emt 0:00:01]} 6. dxc3 {[%emt 0:00:02]} Be7 {[%emt 0:00:02]} 7. Be3 {[%emt 0:00:00]} Nc6 {[%emt 0:00:01]} 8. Qd2 {[%emt 0:00:02]} Be6 {[%emt 0:00:01]} 9. O-O-O {[%emt 0:00:04]} Qd7 {[%emt 0:00:02]} 10. a3 {[%emt 0:00:01]} Bf6 {[%emt 0:00:04]} 11. h4 {[%emt 0:00:03]} O-O-O {[%emt 0:00:04]} 12. Ng5 {[%emt 0:00:11]} Bf5 {[%emt 0:00:03]} 13. Bb5 {[%emt 0:00:13]} h6 {[%emt 0:00:29]} 14. Nf3 {[%emt 0:00:01]} a6 {[%emt 0:00:06]} 15. Ba4 {[%emt 0:00:06]} Be4 {[%emt 0:00:16]} 16. Bd4 {[%emt 0:00:17]} Bxf3 {[%emt 0:00:19]} 17. gxf3 {[%emt 0:00:07]} Bxd4 {[%emt 0:00:02]} 18. cxd4 {[%emt 0:00:02]} d5 {[%emt 0:00:11]} 19. Rdg1 {[%emt 0:00:25]} g6 {[%emt 0:00:05]} 20. h5 {[%emt 0:00:09]} g5 {[%emt 0:00:00]} 21. f4 {[%emt 0:00:03]} f6 {[%emt 0:00:34]} 22. fxg5 {[%emt 0:00:02]} fxg5 {[%emt 0:00:00]} 23. f4 {[%emt 0:00:02]} b5 {[%emt 0:00:27]} 24. Bb3 {[%emt 0:00:06]} g4 {[%emt 0:00:18]} 25. c3 {[%emt 0:00:24]} Rhg8 {[%emt 0:00:06]} 26. Bc2 {[%emt 0:00:16]} Ne7 {[%emt 0:00:06]} 27. f5 {[%emt 0:00:20]} Nxf5 {[%emt 0:00:02]} 28. Qf4 {[%emt 0:00:02]} Rdf8 {[%emt 0:00:12]} 29. Rxg4 {[%emt 0:00:11]} Rxg4 {[%emt 0:00:09]} 30. Qxg4 {[%emt 0:00:01]} Ne3 {[%emt 0:00:07]} 31. Qg6 {[%emt 0:00:10]} Qd6 {[%emt 0:00:04]} 32. Re1 {[%emt 0:00:28]} Nxc2 {[%emt 0:00:04]} 33. Qxd6 {[%emt 0:00:07]} cxd6 {[%emt 0:00:01]} 34. Kxc2 {[%emt 0:00:02]} Kd7 {[%emt 0:00:00]} 35. Rg1 {[%emt 0:00:02]} Rf5 {[%emt 0:00:01]} 36. Rg7+ {[%emt 0:00:04]} Kc6 {[%emt 0:00:00]} 37. Ra7 {[%emt 0:00:01]} Kb6 {[%emt 0:00:03]} 38. Rd7 {[%emt 0:00:01]} Kc6 {[%emt 0:00:01]} 39. Ra7 {[%emt 0:00:01]} Kb6 {[%emt 0:00:05]} 40. Rd7 {[%emt 0:00:02]} Kc6 {[%emt 0:00:01]} 41. Ra7 {[%emt 0:00:01]} Kb6 {[%emt 0:00:01]} 42. Rd7 {[%emt 0:00:01]} 1/2-1/2

[Event "IMSA Blitz Men 2019"]
[Site "Hengshui"]
[Date "2019.05.17"]
[Round "6.1"]
[White "Le, Quang Liem"]
[Black "Wang, Hao"]
[Result "0-1"]
[WhiteElo "2704"]
[BlackElo "2735"]
[Annotator "TA"]
[PlyCount "72"]
[EventDate "2019.05.17"]
[EventType "blitz"]
[EventCountry "CHN"]
[SourceTitle "playchess.com"]
[Source "ChessBase"]
[SourceQuality "1"]

{[%evp 14,122,21,14,25,0,3,16,13,0,0,0,9,0,0,0,0,-7,0,-8,0,-3,93,25,20,12,50,0,0,0,83,31,63,80,83,81,109,53,243,205,548,541,591,236,240,8,8,32,24,0,0,-43,-39,-537,-503,-491,-231,-202,0,-468,-425,-499,-397,-5327,-5103,-29980,-29980,-29981,-29981,-29968,-5385,-1859,-1613,-1614,-1044,-1276,-862,-862,-787,-987,-977,-966,-966,-910,-902,-1025,-751,-1799,-1397,-12838,-7211,-29943,-11505,-29954,-29939,-12849,-11509,-29949,-11039,-8731,-6444,-6444,-6439,-6382,-6215,-6203,-6182,-29985,-6098,-5898,-5710]} 1. e4 c5 2. Nf3 d6 3. d4 cxd4 4. Nxd4 Nf6 5. Nc3 a6 6. h3 e6 7. g4 h6 8. Bg2 Be7 {B81: Sicilian Scheveningen: Keres Attack} 9. O-O O-O 10. Be3 Nc6 {The position is equal.} 11. f4 Nxd4 12. Qxd4 Nd7 13. Qd2 Rb8 14. Ne2 b5 {[#]} 15. f5 $146 ({Predecessor:} 15. Rad1 Qc7 16. f5 Nf6 17. Ng3 {1-0 (29) Anand,V (2804)-Vachier Lagrave,M (2723) Stavanger 2015}) 15... Ne5 16. b3 Re8 17. Rad1 Bf8 (17... Bb7 $11) 18. Nf4 (18. f6 $1 $16) 18... Bb7 $11 19. Qf2 $36 {[%mdl 2048] White fights for an advantage.} Rc8 20. Kh1 (20. Bd4 $5 {[%cal Rd4e5]}) 20... Qc7 21. Rd2 Qa5 (21... Bc6 $11) 22. Bd4 (22. Bb6 $16 Qc3 23. fxe6 fxe6 24. Nd3) 22... exf5 23. exf5 Bxg2+ 24. Qxg2 Nc6 25. Bg1 (25. Bb2 $16) 25... Qxa2 $2 (25... Be7 $14) 26. Nd5 {Hoping for g5.} Qb2 $2 (26... Re5 27. Bh2 Rxd5 28. Qxd5 Nb4) 27. g5 $1 $18 hxg5 28. Qxg5 $2 (28. c3 Qxd2 29. Qxd2) 28... Qe5 {[#]} 29. Re1 $2 (29. c4 $1 $18 f6 30. Qg2) 29... Qxd5+ $11 ({Weaker is} 29... Qxe1 30. Nf6+ Kh8 31. Qh5#) 30. Rxd5 Rxe1 31. f6 g6 32. Qg2 Ne5 33. Kh2 $2 {[%mdl 8192]} ({White should try} 33. Rd2 $1 $15) 33... Rc3 34. Bf2 Nf3+ (34... Rb1 $142 {aiming for ...Nf3+.} 35. Qe4 Rb2) 35. Kg3 {Black must now prevent Rd3.} Ne5+ $2 (35... Rg1 36. Bxg1 Ne1+ {[%mdl 64] Double Attack, Discovered Attack} 37. Rd3 Rxd3+ 38. cxd3 Nxg2) 36. Kh2 $19 Rb1 {Played: Re1-e2} 0-1

[Event "IMSA Blitz Men 2019"]
[Site "Hengshui"]
[Date "2019.05.17"]
[Round "6.1"]
[White "Jones, Gawain C B"]
[Black "Cheparinov, Ivan"]
[Result "1-0"]
[WhiteElo "2702"]
[BlackElo "2667"]
[Annotator "TA"]
[PlyCount "55"]
[EventDate "2019.05.17"]
[EventType "blitz"]
[EventCountry "CHN"]
[SourceTitle "playchess.com"]
[Source "ChessBase"]
[SourceQuality "1"]

{[%evp 9,55,20,22,14,22,9,20,2,0,7,28,35,34,35,28,37,35,37,37,0,0,0,65,58,273,277,309,304,287,277,320,274,308,303,393,417,398,391,409,424,29985,0,29986,29987,29985,1081,29996,29997]} 1. e4 c6 2. d4 d5 3. e5 c5 4. Nf3 cxd4 5. Nxd4 Nc6 (5... e6 6. Nd2 Ne7 7. Bd3 Nec6 8. N2f3 Nxd4 9. Nxd4 Nc6 10. Nf3 Bc5 11. O-O h6 12. c3 a6 13. Re1 {1-0 (57) Jones,G (2682)-Indjic,A (2620) St Petersburg 2018}) 6. c4 {B12: Caro-Kann: Advance Variation} e6 7. Nc3 Bb4 8. Nxc6 {The position is equal.} bxc6 9. Qa4 a5 (9... Rb8 {seems wilder.} 10. cxd5 exd5 11. a3 Bxc3+ 12. bxc3 Qc7) 10. cxd5 Qxd5 {[#]} 11. Qxb4 $1 {[%mdl 512]} axb4 12. Nxd5 exd5 13. Be3 {[#]} f6 $146 14. Rc1 Rxa2 15. Rxc6 Bd7 ({Black should try} 15... Ne7 $11 16. Rc7 fxe5) 16. Rd6 $36 {[%mdl 2048] White fights for an advantage.} Rxb2 $2 (16... Ne7 $1 $14) 17. e6 $1 $18 {[%cal Re6d7]} Ba4 18. Ra6 Rb1+ 19. Kd2 Rd1+ 20. Ke2 Ra1 {Hoping for ...Bb5+.} 21. Kf3 Bd1+ 22. Kg3 Rxa6 23. Bxa6 Bc2 {[#]} 24. Bc5 $1 b3 (24... Kd8 $18 25. Bxb4 Nh6) 25. Bb5+ Kd8 {[#] Threatens to win with ...b2.} 26. Ra1 $1 Ne7 27. Ra8+ (27. Ra7 $142 Nf5+ 28. Kh3 Kc8 29. Bc6 Ne7 30. Bxe7 Bf5+ 31. Kg3 Bxe6 32. Bd6) 27... Nc8 28. Bd6 $1 {Accuracy: White = 78%, Black = 39%.} ({Not} 28. e7+ Kc7 $14) 1-0

[Event "IMSA Blitz Men 2019"]
[Site "Hengshui"]
[Date "2019.05.17"]
[Round "6.1"]
[White "Fedoseev, Vladimir"]
[Black "Ponomariov, Ruslan"]
[Result "1/2-1/2"]
[WhiteElo "2683"]
[BlackElo "2675"]
[Annotator "RC"]
[PlyCount "114"]
[EventDate "2019.05.17"]
[EventType "blitz"]
[EventCountry "CHN"]
[SourceTitle "playchess.com"]
[Source "ChessBase"]
[SourceQuality "1"]
[TimeControl "180+2"]

1. e4 {[%emt 0:00:00]} c5 {[%emt 0:00:00]} 2. Nf3 {[%emt 0:00:00]} Nc6 {[%emt 0:00:00]} 3. d4 {[%emt 0:00:02]} cxd4 4. Nxd4 {[%emt 0:00:01]} Nf6 {[%emt 0:00:02]} 5. Nc3 {[%emt 0:00:01]} d6 {[%emt 0:00:01]} 6. Bg5 {[%emt 0:00:02]} e6 {[%emt 0:00:01]} 7. Qd2 {[%emt 0:00:01]} a6 {[%emt 0:00:04]} 8. O-O-O {[%emt 0:00:06]} Bd7 {[%emt 0:00:02]} 9. f3 {[%emt 0:00:07]} Be7 {[%emt 0:00:10]} 10. h4 {[%emt 0:00:01]} h6 {[%emt 0:00:05]} 11. Be3 {[%emt 0:00:01]} h5 {[%emt 0:00:01]} 12. Bd3 {[%emt 0:00:08]} Ne5 {[%emt 0:00:04]} 13. Kb1 {[%emt 0:00:01]} b5 {[%emt 0:00:03]} 14. Bg5 {[%emt 0:00:07]} Qc7 {[%emt 0:00:02]} 15. f4 {[%emt 0:00:09]} Neg4 {[%emt 0:00:04]} 16. Rde1 {[%emt 0:00:25]} b4 {[%emt 0:00:05]} 17. Nd1 {[%emt 0:00:02]} a5 {[%emt 0:00:04]} 18. Nf3 {[%emt 0:00:38]} Rb8 {[%emt 0:00:10]} 19. e5 {[%emt 0:00:13]} dxe5 {[%emt 0:00:20]} 20. Nxe5 {[%emt 0:00:01]} Bb5 {[%emt 0:00:16]} 21. Nxg4 {[%emt 0:00:24]} Nxg4 {[%emt 0:00:14]} 22. Bxe7 {[%emt 0:00:21]} Qxe7 {[%emt 0:00:02]} 23. f5 {[%emt 0:00:24]} e5 {[%emt 0:00:10]} 24. Ne3 {[%emt 0:00:08]} Nf6 {[%emt 0:00:09]} 25. Bxb5+ {[%emt 0:00:09]} Rxb5 {[%emt 0:00:01]} 26. Qd3 {[%emt 0:00:04]} Rc5 {[%emt 0:00:02]} 27. Rhg1 {[%emt 0:00:04]} e4 {[%emt 0:00:12]} 28. Qe2 {[%emt 0:00:02]} O-O {[%emt 0:00:41]} 29. g4 {[%emt 0:00:01]} hxg4 {[%emt 0:00:01]} 30. Nxg4 {[%emt 0:00:01]} Re8 {[%emt 0:00:01]} 31. h5 {[%emt 0:00:08]} Nxg4 {[%emt 0:00:07]} 32. Qxg4 {[%emt 0:00:02]} Qf6 {[%emt 0:00:00]} 33. Rxe4 {[%emt 0:00:03]} Rxe4 {[%emt 0:00:05]} 34. Qxe4 {[%emt 0:00:01]} Rxf5 {[%emt 0:00:03]} 35. Qe2 {[%emt 0:00:03]} Rf2 {[%emt 0:00:04]} 36. Qd1 {[%emt 0:00:01]} Kh7 {[%emt 0:00:03]} 37. b3 {[%emt 0:00:05]} Qf5 {[%emt 0:00:03]} 38. Rh1 {[%emt 0:00:03]} Qf3 {[%emt 0:00:09]} 39. Qc1 {[%emt 0:00:02]} Qe4 {[%emt 0:00:05]} 40. Re1 {[%emt 0:00:03]} Re2 {[%emt 0:00:01]} 41. Rg1 {[%emt 0:00:02]} Rg2 {[%emt 0:00:03]} 42. Rxg2 {[%emt 0:00:03]} Qxg2 {[%emt 0:00:01]} 43. Qd1 {[%emt 0:00:01]} Qe4 {[%emt 0:00:03]} 44. Qg1 {[%emt 0:00:03]} Qf5 {[%emt 0:00:03]} 45. Qd1 {[%emt 0:00:02]} Kh6 {[%emt 0:00:02]} 46. a3 {[%emt 0:00:01]} Qc5 {[%emt 0:00:13]} 47. axb4 {[%emt 0:00:02]} axb4 {[%emt 0:00:01]} 48. Qg4 {[%emt 0:00:03]} Qd6 {[%emt 0:00:06]} 49. Qf5 {[%emt 0:00:01]} Qe7 {[%emt 0:00:03]} 50. Qg4 {[%emt 0:00:04]} g6 {[%emt 0:00:02]} 51. hxg6 {[%emt 0:00:02]} fxg6 {[%emt 0:00:01]} 52. Qh3+ {[%emt 0:00:02]} Kg7 {[%emt 0:00:00]} 53. c4 {[%emt 0:00:02]} Qe1+ {[%emt 0:00:04]} 54. Kc2 {[%emt 0:00:01]} Qe2+ {[%emt 0:00:01]} 55. Kc1 {[%emt 0:00:01]} Qe1+ {[%emt 0:00:01]} 56. Kc2 {[%emt 0:00:01]} Qe2+ {[%emt 0:00:01]} 57. Kc1 {[%emt 0:00:00]} Qe1+ 1/2-1/2

[Event "IMSA Blitz Men 2019"]
[Site "Hengshui"]
[Date "2019.05.17"]
[Round "6.1"]
[White "Gelfand, Boris"]
[Black "Korobov, Anton"]
[Result "1/2-1/2"]
[WhiteElo "2676"]
[BlackElo "2687"]
[Annotator "ChessBase"]
[PlyCount "117"]
[EventDate "2019.05.17"]
[EventType "blitz"]
[EventCountry "CHN"]
[SourceTitle "playchess.com"]
[Source "ChessBase"]
[SourceQuality "1"]
[TimeControl "180+2"]

1. d4 {[%emt 0:00:00]} d5 {[%emt 0:00:00]} 2. c4 {[%emt 0:00:00]} c6 {[%emt 0:00:00]} 3. Nf3 {[%emt 0:00:01]} Nf6 {[%emt 0:00:01]} 4. e3 {[%emt 0:00:01]} Bf5 {[%emt 0:00:02]} 5. Nc3 {[%emt 0:00:01]} e6 {[%emt 0:00:01]} 6. Nh4 {[%emt 0:00:01]} Bg6 {[%emt 0:00:01]} 7. Be2 {[%emt 0:00:01]} Nbd7 {[%emt 0:00:02]} 8. O-O {[%emt 0:00:01]} Bd6 {[%emt 0:00:01]} 9. g3 {[%emt 0:00:01]} dxc4 {[%emt 0:00:03]} 10. Bxc4 {[%emt 0:00:01]} Bh5 {[%emt 0:00:03]} 11. Be2 {[%emt 0:00:02]} Bxe2 {[%emt 0:00:04]} 12. Qxe2 {[%emt 0:00:01]} c5 {[%emt 0:00:14]} 13. dxc5 {[%emt 0:00:31]} Bxc5 {[%emt 0:00:02]} 14. e4 {[%emt 0:00:01]} Bd4 {[%emt 0:00:27]} 15. Nb5 {[%emt 0:00:11]} Be5 {[%emt 0:00:06]} 16. Nf3 {[%emt 0:00:22]} Bb8 {[%emt 0:00:09]} 17. Nc3 {[%emt 0:00:15]} O-O {[%emt 0:00:45]} 18. e5 {[%emt 0:00:07]} Nd5 {[%emt 0:00:09]} 19. Nxd5 {[%emt 0:00:01]} exd5 {[%emt 0:00:00]} 20. e6 {[%emt 0:00:24]} Re8 {[%emt 0:00:26]} 21. exf7+ {[%emt 0:00:23]} Kxf7 {[%emt 0:00:01]} 22. Ng5+ {[%emt 0:00:05]} Kg8 {[%emt 0:00:02]} 23. Qh5 {[%emt 0:00:02]} h6 {[%emt 0:00:14]} 24. Qf7+ {[%emt 0:00:34]} Kh8 {[%emt 0:00:00]} 25. Qh5 {[%emt 0:00:07]} Kg8 {[%emt 0:00:11]} 26. Qf7+ {[%emt 0:00:02]} Kh8 {[%emt 0:00:00]} 27. Nf3 {[%emt 0:00:02]} Rf8 {[%emt 0:00:10]} 28. Qxd5 {[%emt 0:00:11]} Ne5 {[%emt 0:00:04]} 29. Qxd8 {[%emt 0:00:01]} Nxf3+ {[%emt 0:00:01]} 30. Kg2 {[%emt 0:00:01]} Rxd8 {[%emt 0:00:02]} 31. Kxf3 {[%emt 0:00:01]} Be5 {[%emt 0:00:02]} 32. Be3 {[%emt 0:00:08]} b6 {[%emt 0:00:00]} 33. Rab1 {[%emt 0:00:02]} Rac8 {[%emt 0:00:02]} 34. b4 {[%emt 0:00:05]} Rc4 {[%emt 0:00:10]} 35. Rfc1 {[%emt 0:00:03]} Rdc8 {[%emt 0:00:03]} 36. Rd1 {[%emt 0:00:06]} R8c7 {[%emt 0:00:14]} 37. Rd5 {[%emt 0:00:04]} Bf6 {[%emt 0:00:00]} 38. h4 {[%emt 0:00:06]} Kg8 {[%emt 0:00:01]} 39. a4 {[%emt 0:00:02]} Bc3 {[%emt 0:00:01]} 40. a5 {[%emt 0:00:04]} Rxb4 {[%emt 0:00:04]} 41. Rc1 {[%emt 0:00:03]} b5 {[%emt 0:00:11]} 42. Rc5 {[%emt 0:00:04]} Rxc5 {[%emt 0:00:02]} 43. Bxc5 {[%emt 0:00:01]} Rc4 {[%emt 0:00:01]} 44. Bxa7 {[%emt 0:00:02]} Bxa5 {[%emt 0:00:01]} 45. Rxc4 {[%emt 0:00:01]} bxc4 {[%emt 0:00:01]} 46. Ke4 {[%emt 0:00:02]} h5 {[%emt 0:00:01]} 47. Be3 {[%emt 0:00:02]} Kf7 {[%emt 0:00:02]} 48. Kd5 {[%emt 0:00:02]} c3 {[%emt 0:00:02]} 49. Kc4 {[%emt 0:00:01]} g6 {[%emt 0:00:09]} 50. Kd3 {[%emt 0:00:01]} Ke6 {[%emt 0:00:00]} 51. Bd4 {[%emt 0:00:03]} Kf5 {[%emt 0:00:03]} 52. f3 {[%emt 0:00:01]} Bc7 {[%emt 0:00:02]} 53. Bf2 {[%emt 0:00:02]} Be5 {[%emt 0:00:00]} 54. Be1 {[%emt 0:00:02]} g5 {[%emt 0:00:03]} 55. hxg5 {[%emt 0:00:01]} Kxg5 {[%emt 0:00:01]} 56. f4+ {[%emt 0:00:02]} Bxf4 {[%emt 0:00:01]} 57. gxf4+ {[%emt 0:00:01]} Kxf4 {[%emt 0:00:02]} 58. Kxc3 {[%emt 0:00:00]} h4 {[%emt 0:00:01]} 59. Bxh4 1/2-1/2

[Event "IMSA Blitz Men 2019"]
[Site "Hengshui"]
[Date "2019.05.17"]
[Round "6.1"]
[White "Leko, Peter"]
[Black "Vidit, Santosh Gujrathi"]
[Result "1/2-1/2"]
[WhiteElo "2674"]
[BlackElo "2707"]
[Annotator "TA"]
[PlyCount "81"]
[EventDate "2019.05.17"]
[EventType "blitz"]
[EventCountry "CHN"]
[SourceTitle "playchess.com"]
[Source "ChessBase"]
[SourceQuality "1"]

{[%evp 29,81,36,30,25,29,22,39,27,43,28,37,20,25,0,0,0,0,0,0,0,0,0,0,0,0,0,0,0,0,0,0,0,0,0,0,0,0,0,0,0,0,0,0,0,0,0,0,0,0,0,0,0,0,0]} 1. e4 e5 2. Nf3 Nc6 3. Bb5 a6 4. Ba4 Nf6 5. O-O Nxe4 6. d4 b5 7. Bb3 d5 8. dxe5 Be6 9. Nbd2 Be7 10. c3 O-O 11. Bc2 f5 12. Nb3 Qd7 13. Nbd4 Nxd4 14. Nxd4 c5 15. Nxe6 Qxe6 16. f3 {C83: Open Ruy Lopez: 9 c3 Be7} Ng5 17. a4 {Black must now prevent axb5.} Rad8 18. axb5 {White is slightly better.} axb5 19. Bxg5 (19. Ra7 Rd7 20. Rxd7 Qxd7 21. f4 Ne4 22. g4 Kh8 23. gxf5 Qxf5 {1-0 (43) Saric,I (2695)-Anand,V (2773) St Petersburg 2018}) 19... Bxg5 20. f4 Be7 21. Qf3 c4 {The position is equal.} 22. b3 $146 ({Predecessor:} 22. Rad1 b4 23. b3 g6 {1-0 (42) Parkanyi,A (2361)-Szabo,K (2520) Hungary 2009}) 22... d4 23. bxc4 bxc4 24. cxd4 Rxd4 25. Rad1 Rfd8 26. Rxd4 Rxd4 27. Rd1 Rxd1+ 28. Qxd1 g6 29. g3 Qc6 {[#] ( -> ...Bc5+)} 30. h4 Kg7 31. Kh2 Qb6 32. Kg2 Qe3 33. Qf3 Qd2+ 34. Qf2 Qd5+ 35. Qf3 Qd4 36. Qf2 Qc3 37. Bd1 Qd3 38. Bc2 Qd5+ 39. Qf3 Qd2+ 40. Qf2 Qd5+ 41. Qf3 {Accuracy: White = 80%, Black = 64%.} 1/2-1/2

[Event "IMSA Blitz Men 2019"]
[Site "Hengshui"]
[Date "2019.05.17"]
[Round "6.1"]
[White "Mamedov, Rauf"]
[Black "Dominguez Perez, Leinier"]
[Result "0-1"]
[WhiteElo "2650"]
[BlackElo "2750"]
[Annotator "TA"]
[PlyCount "64"]
[EventDate "2019.05.17"]
[EventType "blitz"]
[EventCountry "CHN"]
[SourceTitle "playchess.com"]
[Source "ChessBase"]
[SourceQuality "1"]

{[%evp 16,64,0,-2,0,0,0,0,0,0,0,0,0,0,0,0,0,-15,-18,-15,-13,-46,-37,-47,-12,-76,0,-6,0,-35,0,0,95,-10,-2,-1,-11,-11,-7,-52,-44,-125,-122,-120,-106,-234,-231,-406,-400,-622,-150]} 1. e4 e5 2. Nf3 Nc6 3. d4 exd4 4. Bc4 Bc5 5. Ng5 Nh6 6. Nxf7 Nxf7 7. Bxf7+ Kxf7 8. Qh5+ g6 9. Qxc5 d5 {C44: Ponziani Opening and Scotch Gambit} 10. O-O dxe4 11. c3 Qd6 {The position is equal.} 12. Qxd6 $146 ({Predecessor:} 12. cxd4 Nxd4 13. Qxd6 {1-0 (43) Grischuk,A (2766)-Dominguez Perez,L (2739) Saint Louis 2018}) 12... cxd6 13. cxd4 Nxd4 {Threatens to win with ...Nc2.} 14. Nc3 Bg4 $36 {[%mdl 2048] Black has good play.} 15. Nxe4 Nc2 16. f3 Nxa1 17. fxg4+ Ke6 18. Bh6 Nc2 19. Rd1 Nb4 20. Bg7 {[#]} (20. a3 $11 Nc6 21. h3) 20... Rhd8 (20... Rhe8 $1 $17 21. Rxd6+ Kf7 {[%mdl 64] Discovered Attack} 22. Rd7+ Re7 23. Ng5+ Ke8 24. Rxe7+ Kxe7) 21. Ng5+ $11 Kd7 22. a3 Nc6 23. Nxh7 Kc7 (23... Rdc8 $11) 24. Ng5 ({White must play} 24. Nf6 $16) 24... Re8 25. h4 $1 Ne5 26. Rd4 Rg8 27. Bf6 Kc6 28. h5 (28. Ne6 $15) 28... gxh5 29. gxh5 Rae8 30. Rh4 {[#]} (30. Rf4 $17) 30... Nd7 $1 $19 {[%cal Rd7f6]} 31. Nh7 $2 (31. Rc4+ Kd5 32. Rd4+ Kc5 33. b4+ Kc6 34. Nh7) 31... Re2 32. Rh2 (32. g4 $142 Re6 33. Bc3) 32... Nc5 $2 {Accuracy: White = 35%, Black = 65%.} (32... Nxf6 $19 {has better winning chances.} 33. Nxf6 Rf8) 0-1

[Event "IMSA Blitz Men 2019"]
[Site "Hengshui"]
[Date "2019.05.17"]
[Round "6.2"]
[White "Dominguez Perez, Leinier"]
[Black "Mamedov, Rauf"]
[Result "1-0"]
[WhiteElo "2750"]
[BlackElo "2650"]
[Annotator "TA"]
[PlyCount "67"]
[EventDate "2019.05.17"]
[EventType "blitz"]
[EventCountry "CHN"]
[SourceTitle "playchess.com"]
[Source "ChessBase"]
[SourceQuality "1"]

{[%evp 25,67,22,18,31,25,2,15,15,52,43,37,42,43,30,137,129,132,130,123,123,166,123,147,139,164,165,151,6,43,49,36,0,31,24,181,203,466,483,337,318,475,475,818,769]} 1. e4 c5 2. Nf3 d6 3. d4 Nf6 4. Nc3 cxd4 5. Nxd4 g6 6. Be3 Bg7 7. f3 Nc6 8. Qd2 O-O 9. O-O-O d5 10. Qe1 e5 11. Nxc6 bxc6 12. exd5 Nxd5 13. Bc4 Be6 14. Kb1 {B76: Sicilian Dragon: Yugoslav Attack, 9 g4 and 9 0-0-0} a5 (14... Rb8 15. Ne4 Qc7 16. Bc5 Rfd8 17. g4 h6 18. Bb3 a5 19. Rg1 Rd7 20. h4 Rbd8 21. a4 Nf4 22. Rxd7 Rxd7 23. Bxe6 Nxe6 {½-½ (32) Anand,V (2776)-Nakamura,H (2787) Moscow 2018}) 15. Ne4 f5 16. Ng5 {The position is equal.} Qe7 $146 ({Predecessor:} 16... Bc8 17. h4 h6 18. Nh3 Be6 19. Bc5 Re8 20. h5 g5 21. Nf2 Qc7 {0-1 (37) Mishra,A (2232)-Yanayt,E (2287) Charlotte 2019}) 17. Nxe6 Qxe6 18. Bc5 Rfb8 19. Qd2 {[%cal Rc4d5]} Kh8 (19... e4 $11 {remains equal.} 20. c3 Rb7) 20. Bxd5 $16 cxd5 21. Qxd5 Qf6 22. Qd6 Qg5 23. g3 Qh5 24. Qd5 e4 25. Bd4 Qxf3 26. Bxg7+ (26. Rhe1 $16 {Black must now prevent Rd3!} Rd8 27. Qc6) 26... Kxg7 $14 27. Qe5+ Kh6 28. Rhf1 Qe2 29. b3 {White threatens Qf4+ and mate.} Rc8 $2 (29... Rd8 $11 30. Rc1 Re8 31. Qf4+ Kg7) 30. Qf4+ $18 Kg7 $2 {[#]} (30... g5 31. Qc1 Rd8) 31. Rd7+ $1 Kg8 {[#]} 32. Rc1 $1 {Qe5! would kill now.} Qb5 (32... Rd8 $142 33. Rb7 Qd2) 33. Qd6 {Intending Qe6+ and mate.} Qc6 (33... Re8 $142 34. Rc7 (34. Qd4 Qe5 $11) 34... Qe5) 34. Qe7 {Accuracy: White = 53%, Black = 23%.} 1-0